000 00387nam a22001577a 4500
005 20251108165305.0
008 250721s9999 xx 000 0 ara d
082 1 4 _a958.104/أفغ
245 1 0 _aأفغانستان و إسلاماه /
264 _c[19-].
300 _a35ص : مص
650 1 7 _aأفغانستان
650 1 7 _aالتاريخ
942 _2ddc
_cBK
999 _c24266
_d24266